Things Invented in Massachusetts - Statistics

General Stats
  • This quiz has been taken 33 times
  • The average score is 8 of 12
Answer Stats
Hint Year Where Invention % Correct
Hoop sport 1891 Springfield Basketball
97%
Heats food via electromagnetic radiation 1947 Cambridge Microwave Oven
97%
America's favorite type of cookie 1938 Whitman Chocolate Chip Cookie
87%
Popular snack filled with fig 1891 Cambridge Fig Newton
87%
Plastic food containers that you always lose the lids to 1951 Leominster Tupperware
87%
www. 1990 Cambridge The World Wide Web
70%
"The best a man can get" 1903 Boston Disposable Razor
67%
Net sport 1895 Holyoke Volleyball
67%
Pink, avian lawn ornaments 1957 Leominster Plastic Flamingo
50%
Excel, Sheets, VisiCalc etc 1979 Boston Spreadsheet
50%
Early artificial respiratior 1927 Boston Iron Lung
33%
Process by which rubber is hardened 1839 Woburn Vulcanized Rubber
30%
No matching quizzes found
Score Distribution
Percent of People with Each Score
Percentile by Number Answered
Your Score History
You have not taken this quiz